Θεωρία ελέγχου με εφαρμογές στην ασφαλιστική τιμολόγηση : πτυχιακή εργασία

Η παρούσα εργασία αναφέρεται στα συστήματα κλειστού βρόγχου, και την απεικόνησή τους με τη βοήθεια των λειτουργικών διαγραμμάτων, στην έννοια της κατάστασης καθώς και στις εξισώσεις κατάστασης και στις συναρτήσεις μεταφοράς. Τελικό συμπέρασμα είναι ότι η θεωρία ελέγχου δεν έχει μόνο εφαρμογές στη Φυ...

Πλήρης περιγραφή

Αποθηκεύτηκε σε:
Λεπτομέρειες βιβλιογραφικής εγγραφής
Κύριος συγγραφέας: Μπούτος, Αθανάσιος
Συγγραφή απο Οργανισμό/Αρχή: Πανεπιστήμιο Αιγαίου. Σχολή Θετικών Επιστημών. Τμήμα Στατιστικής και Αναλογιστικών-Χρηματοοικονομικών Μαθηματικών
Μορφή: Thesis Βιβλίο
Γλώσσα:Greek
Δημοσίευση: 2010.
Θέματα:
Διαθέσιμο Online:http://hdl.handle.net/11610/8090
Ετικέτες: Προσθήκη ετικέτας
Δεν υπάρχουν, Καταχωρήστε ετικέτα πρώτοι!

MARC

LEADER 00000cam a2200000 i 4500
001 1/8357
008 100611s2010 gr ||| gre||
035 |l 10108222 
040 |a GR-MY-UA  |b gre  |e aacr 
041 0 |a gre 
082 0 |a 629.8312  |2 (22) 
100 1 |a Μπούτος, Αθανάσιος. 
245 1 0 |a Θεωρία ελέγχου με εφαρμογές στην ασφαλιστική τιμολόγηση :   |b πτυχιακή εργασία /   |c του Αθανασίου Μπούτου ; επιβλέπων καθηγητής Δημήτριος Παπαδόπουλος.  
260 |c 2010.  
300 |a 56 σ. :   |b εικ. ;   |c 30 εκ.  
500 |a Μέλη της εξεταστικής επιτροπής: Παπαδόπουλος Δημήτριος, Καβαλλάρης Νικόλαος, Χαλιδιάς Νικόλαος.  
502 # # |a Πτυχιακή εργασία – Πανεπιστήμιο Αιγαίου, Σάμος, 2010. 
504 |a Βιβλιογραφία: σ. 56.  
506 0 |a Διάθεση πλήρους κειμένου - Ελεύθερη πρόσβαση.  
520 |a Η παρούσα εργασία αναφέρεται στα συστήματα κλειστού βρόγχου, και την απεικόνησή τους με τη βοήθεια των λειτουργικών διαγραμμάτων, στην έννοια της κατάστασης καθώς και στις εξισώσεις κατάστασης και στις συναρτήσεις μεταφοράς. Τελικό συμπέρασμα είναι ότι η θεωρία ελέγχου δεν έχει μόνο εφαρμογές στη Φυσική αλλά και στον Χρηματοοικονομικό και Ασφαλιστικό τομέα. 
610 2 0 |a University of the Aegean  |x Dissertations. 
650 0 0 |a Control theory. 
650 0 0 |a Insurance  |x Rates. 
650 0 0 |a Dissertations, Academic  |z Greece. 
700 1 |a Παπαδόπουλος, Δημήτριος Π.  |e dgs 
710 2 |a Πανεπιστήμιο Αιγαίου.   |b Σχολή Θετικών Επιστημών.   |b Τμήμα Στατιστικής και Αναλογιστικών-Χρηματοοικονομικών Μαθηματικών. 
852 |a INST  |b SAMOS  |c DIATR  |e 20100611  |h 629.8312 ΜΠΟ  |p 005300031817  |q 005300031817  |t DIE  |y 23 
852 |a INST  |b SAMOS  |c DIATR  |e 20100611  |h 629.8312 ΜΠΟ  |p 005300031818  |q 005300031818  |t DIE  |y 23 
856 |u http://hdl.handle.net/11610/8090 
901 |a BIBL3-2010-2 
909 |a Σ  |b 162391 
909 |a Σ  |b 162392 
924 |a ΜΠΟΥΤΟΣ  |b ΑΘΑΝΑΣΙΟΣ  |y ΣΑΜΟΣ  |z 2010-05 
970 |a ΚΟΣΙΕΡΗΣ  |b ΧΡΗΣΤΟΣ  |z 2010/06/11